000 00607cam a22002053a 4500
001 39699
003 PGUSA
005 20140828083901.0
008 120515s2012||||xxu|||||s|||||000 | eng d
040 _aPGUSA
_beng
042 _adc
100 1 _aEndrődi, Sándor,
_d1850-1920
245 1 0 _aMagyar népballadák (Magyar remekirók 55. kötet)
_h[electronic resource] /
_cSándor Endrődi
260 _bProject Gutenberg,
_c2012
506 _aPublic domain in the USA.
516 _aElectronic text
830 0 _aProject Gutenberg
_v39699
856 4 0 _uhttp://www.gutenberg.org/ebooks/39699
942 _cEB
999 _c268952
_d268952